=LDR 00000nam 2200000 4500 =001 INLIS000000000019289 =005 20130612114354 =008 ***********************************Ind** =035 ##$$a0010-061300000019289 =041 ##$$a Ind =082 ##$$a 372 =090 ##$$a 372, Rim m =100 ##$$a Rimm, Sylvia =245 ##$$a Mendidik dengan bijak, bagaimana mendidik anak yang bahagia dan berprestasi, Dr. Sylvia Rimm ; alih bahasa, A. Mangunhardjana =260 ##$$a 2003 $b Jakarta =300 ##$$a xxii, 377 hlm, 23 cm =650 ##$$a Pendidikan Dasar =850 ##$$a NBPNMAT =990 ##$$a 0001/BPAP-NTB/20142014